Catecismo de la Iglesia Católica /

Shranjeno v:
Bibliografske podrobnosti
Korporativna značnica: Iglesia Católica. Papa (1978-2005 : Juan Pablo II)
Format: Knjiga
Jezik:španščina
Izdano: Madrid, España : Asociación de Editores del Catecismo, 1992, c1992
Izdaja:2a edición
Teme:
Oznake: Označite
Brez oznak, prvi označite!

MARC

LEADER 00000nam^a2200000^a^4500
001 000261354
005 20250521000000.0
009 20260310110508.838
020 |a 84-288-1102-4 
037 |a Acervo Xavier Clavigero 
041 |a ESP 
082 |a 238. 2  |b IGL 
110 |a Iglesia Católica.  |b Papa (1978-2005 : Juan Pablo II) 
245 1 0 |a Catecismo de la Iglesia Católica /  |c Iglesia Católica. 
250 |a 2a edición 
264 4 |a Madrid, España :  |b Asociación de Editores del Catecismo,  |c 1992, c1992 
300 |a 702 p. 
336 |a texto  |b txt  |2 rdacontenido 
337 |a sin mediación  |b n  |2 rdamedio 
338 |a volumen  |b nc  |2 rdasoporte 
649 |a XX 
650 |a Catecismos -  |x Tema Principal 
650 |a Credos 
650 |a Teología Doctrinal 
650 |a Educación Religiosa 
650 |a Iglesia Católica -  |x Catecismos y Credos 
650 |a Catolicismo 
650 |a Cristianismo 
650 |a Religión 
910 |a Fondo General 
920 |a Impresos - Libros 
930 |a Colección General 
905 |a 101 
901 |a 041747  |b IT1  |c ACC  |u 20250521 
902 |a https://opac.biblio.iteso.mx/vufind/Record/000261354